000 00785nam a2200229Ia 4500
003 GCL
008 140319s9999 xx 000 0 ara d
040 _aGCL /
_cGCL
082 0 4 _a322.44
_bت م
100 1 _aتمام البرازى
245 1 0 _aملفات المعارضة السورية: المعارضة السورية كما لم تتحدث من قبل /
_cتمام البرازى
260 _a[S.N] :
_bمكتبة مدبولى ،
_c1994
300 _a401 ص
490 _a
650 0 4 _aسوريا
650 0 4 _aتاريخ حديث
650 0 4 _aالعراق - حزب البعث العربى الاشتراكى
650 0 4 _aالوحدة العربية
650 0 4 _aالمعارضة ( سياسة )
650 0 4 _aالاخوان المسلمون
942 _2ddc
_cBK
999 _c54601
_d54601